Đánh giá kết quả học tập ở Tiểu học Tài liệu bồi dưỡng giáo viên Tiểu học

Salvato in:
Dettagli Bibliografici
Autore principale: Vũ Thị Phương Anh
Altri autori: Hoàng Thị Tuyết (Tác giả)
Natura: Libro
Lingua:Vietnamese
Pubblicazione: Tp. Hồ Chí Minh Giáo dục 2006
Edizione:Tái bản lần thứ nhất
Serie:Bộ giáo dục và đào tạo, dự án phát triển giáo viên Tiểu học
Soggetti:
Tags: Aggiungi Tag
Nessun Tag, puoi essere il primo ad aggiungerne! !
Thư viện lưu trữ: Mạng thư viện Đại học Đà Nẵng
LEADER 01345nam a2200373 4500
001 000006591
003 2749
005 20110915090930.0
008 110914s2006 viesd
020 |c 0 
041 0 |a vie 
082 |a 372.48  |b VU-A 
100 0 |a Vũ Thị Phương Anh 
245 0 |a Đánh giá kết quả học tập ở Tiểu học  |b Tài liệu bồi dưỡng giáo viên Tiểu học  |c Vũ Thị Phương Anh; Hoàng Thị Tuyết 
250 |a Tái bản lần thứ nhất 
260 |a Tp. Hồ Chí Minh  |b Giáo dục  |c 2006 
300 |a 112 tr.  |c 24 cm. 
490 |a Bộ giáo dục và đào tạo, dự án phát triển giáo viên Tiểu học 
653 |a Đánh giá 
653 |a Kết quả 
653 |a Học tập 
653 |a Tiểu học 
700 |a Hoàng Thị Tuyết  |e Tác giả 
910 |a Huỳnh Thị Cẩm Lai  |d 14/09/2011 
OWN |a LSP 
AVA |a UDN50  |b LSP  |d 372.48 VU-A  |e available  |t Error 5001 Not defined in file expand_doc_bib_avail.  |f 5  |g 0  |h N  |i 0  |k 1 
999 |a From the UDN01 
AVA |a UDN50  |b LSP  |d 372.48 VU-A  |e available  |t Error 5001 Not defined in file expand_doc_bib_avail.  |f 5  |g 0  |h N  |i 0  |k 1 
TYP |a Monograph 
TYP |a Printed language 
980 |a Mạng thư viện Đại học Đà Nẵng